Košice majú predpoklad byť Strassburgom Východu

Bibliographic Details
Main Authors: Grega, Ľubomír (Author), Süli, Ján (Author)
Format: Article
Language:Slovak
PhysicalDescription:1 obr.
Subjects:

MARC

LEADER 00000nab a2200000 a 4500
001 vtls000901855
003 SK-MaSNL
005 20260302175811.0
008 040720e19991015xo 0 slo
035 |a KE10835 
040 |a KEVKJB  |b slo  |c KEVKJB  |e AACR2 
041 0 |a slo 
044 |a xo  |c SK 
080 |a 324  |2 1981 
080 |a 929  |2 1981 
100 1 |a Grega, Ľubomír  |4 aut  |9 355455 
245 1 0 |a Košice majú predpoklad byť Strassburgom Východu 
300 |b 1 obr. 
590 |a Süli, Ján 1947-,  |b starosta Starého mesta 12.8.1947-, 
600 1 7 |a Süli, Ján,  |d 1947-,  |2 KEVKJB  |9 878882 
650 0 7 |a voľby primátora  |2 KEVKJB  |9 873795 
650 0 7 |a rozhovory profilové  |2 KEVKJB  |9 873258 
650 0 7 |a kampane predvolebné  |2 KEVKJB  |9 878883 
651 7 |a Staré Mesto (Košice I, Slovensko)  |2 KEVKJB  |9 160203 
651 7 |a Košice (Slovensko)  |2 KEVKJB  |9 18694 
651 7 |a KE,  |2 KEVKJB  |9 877256 
655 7 |a periodikum  |2 snkbucl  |9 29553 
700 1 0 |a Süli, Ján  |4 aut  |9 879635 
773 0 8 |t Košický večer  |g Roč. 10  |g Roč. 31, č.199, 15.10.1999, s. 12 
852 |a ZVYKNI  |b KIS3GCP 
999 |c 1408331  |d 1410261